LEADER 01649cam0-2200529---450- 001 990000077850203316 005 20090908124026.0 010 $a88-244-5113-6 035 $a0007785 035 $aUSA010007785 035 $a(ALEPH)000007785USA01 035 $a0007785 100 $a20000914d2000----|||y0itay0103----ba 101 0 $aita 102 $ait 105 $a||||||||001yy 200 1 $aQuattro codici$ecodice civile e di procedura civile, codice penale e di procedura penale e leggi complementari$fa cura di F. Izzo...[et al.] 210 $aNapoli$cEdizioni giuridiche Simone$d2000 215 $a2464 p.$d21 cm$e+ 1 CD-ROM 610 $aCodice civile 610 $aCodice di procedura civile 610 $aCodice di procedura penale 610 $aCodice penale 676 $a348.45023 702 1$aIZZO,$bF. 710 00$aITALIA$0423419 801 $aIT$bSALBC$gISBD 912 $a990000077850203316 951 $aXXI.2. 19 (CODEX 758)$b25827 G.$cXXI.2. 19 (CODEX)$d00004230 959 $aBK 979 $c20000914$lUSA01$h1735 979 $c20001019$lUSA01$h1056 979 $c20001019$lUSA01$h1453 979 $c20001019$lUSA01$h1501 979 $c20001019$lUSA01$h1538 979 $c20001024$lUSA01$h1514 979 $c20001027$lUSA01$h1519 979 $c20001027$lUSA01$h1523 979 $c20001110$lUSA01$h1710 979 $c20001124$lUSA01$h1208 979 $c20020403$lUSA01$h1615 979 $aPATRY$b90$c20040406$lUSA01$h1606 979 $aPATRY$b90$c20061017$lUSA01$h1721 979 $aRSIAV3$b90$c20090908$lUSA01$h1240 996 $aQuattro codici$9699812 997 $aUNISA bas $agiu LEADER 01145nam 2200361 450 001 9910755101003321 005 20231129230536.0 035 $a(CKB)28728775900041 035 $a(NjHacI)9928728775900041 035 $a(EXLCZ)9928728775900041 100 $a20231129d2023 uy 0 101 0 $aeng 135 $aur||||||||||| 181 $ctxt$2rdacontent 182 $cc$2rdamedia 183 $acr$2rdacarrier 200 10$aCompanion Proceedings of the Annual Symposium on Computer-Human Interaction in Play /$fJim Wallace [and four others] 210 1$aNew York,NY,United States :$cAssociation for Computing Machinery,$d2023. 215 $a1 online resource (370 pages) 225 0 $aACM Conferences 311 08$a9798400700293 606 $aComputer games 606 $aComputer science 615 0$aComputer games. 615 0$aComputer science. 676 $a004 700 $aWallace$b Jim$01438978 801 0$bNjHacI 801 1$bNjHacl 906 $aBOOK 912 $a9910755101003321 996 $aCompanion Proceedings of the Annual Symposium on Computer-Human Interaction in Play$93601173 997 $aUNINA